<?xml version="1.0" encoding="UTF-8"?>
<record
    xmlns:xsi="http://www.w3.org/2001/XMLSchema-instance"
    xsi:schemaLocation="http://www.loc.gov/MARC21/slim http://www.loc.gov/standards/marcxml/schema/MARC21slim.xsd"
    xmlns="http://www.loc.gov/MARC21/slim">

  <leader>00811cam a22002291  4500</leader>
  <controlfield tag="001">ne 66001814 </controlfield>
  <controlfield tag="003">DLC</controlfield>
  <controlfield tag="005">20260227111826.0</controlfield>
  <controlfield tag="008">830120m19669999ua       d    000 0 arar </controlfield>
  <datafield tag="010" ind1=" " ind2=" ">
    <subfield code="a">ne 66001814 </subfield>
  </datafield>
  <datafield tag="035" ind1=" " ind2=" ">
    <subfield code="a">(OCoLC)9147863</subfield>
  </datafield>
  <datafield tag="040" ind1=" " ind2=" ">
    <subfield code="a">DLC</subfield>
    <subfield code="c">WaU</subfield>
    <subfield code="d">WaU</subfield>
    <subfield code="d">DLC</subfield>
  </datafield>
  <datafield tag="042" ind1=" " ind2=" ">
    <subfield code="a">premarc</subfield>
  </datafield>
  <datafield tag="050" ind1="0" ind2="0">
    <subfield code="a">PJ6620</subfield>
    <subfield code="b">.I154</subfield>
  </datafield>
  <datafield tag="100" ind1="2" ind2=" ">
    <subfield code="a">Ibn Man&#x1E93;&#x16B;r, Mu&#x1E25;ammad ibn Mukarram,</subfield>
    <subfield code="d">1232-1311 or 1312.</subfield>
  </datafield>
  <datafield tag="245" ind1="1" ind2="0">
    <subfield code="a">Lis&#x101;n al-&#x2BB;Arab,</subfield>
    <subfield code="c">li-Ibn Man&#x1E93;&#x16B;r Jam&#x101;l al-D&#x12B;n Mu&#x1E25;ammad ibn Mukarram al-An&#x1E63;&#x101;r&#x12B;.</subfield>
  </datafield>
  <datafield tag="260" ind1=" " ind2=" ">
    <subfield code="a">[al-Q&#x101;hirah]</subfield>
    <subfield code="b">al-D&#x101;r al-Mi&#x1E63;r&#x12B;yah lil-Ta&#x2BC;l&#x12B;f wa-al-Tarjamah</subfield>
    <subfield code="c">1966-</subfield>
  </datafield>
  <datafield tag="300" ind1=" " ind2=" ">
    <subfield code="a">v.</subfield>
    <subfield code="c">28 cm.</subfield>
  </datafield>
  <datafield tag="440" ind1=" " ind2="0">
    <subfield code="a">Tur&#x101;thun&#x101;</subfield>
  </datafield>
  <datafield tag="500" ind1=" " ind2=" ">
    <subfield code="a">"&#x1E6C;ab&#x2BB;ah mu&#x1E63;awwar &#x2BB;an &#x1E6D;ab&#x2BB;at B&#x16B;l&#x101;q ma&#x2BB;ah&#x101; ta&#x1E63;w&#x12B;b&#x101;t wa-fah&#x101;ris mutanawwi&#x2BB;ah."</subfield>
  </datafield>
  <datafield tag="650" ind1=" " ind2="0">
    <subfield code="a">Arabic language</subfield>
    <subfield code="v">Dictionaries.</subfield>
  </datafield>
  <datafield tag="999" ind1=" " ind2=" ">
    <subfield code="c">49165</subfield>
    <subfield code="d">49165</subfield>
  </datafield>
</record>
